000 00606nam a2200205 i 4500
001 30351
003 ES-MaACL
005 20230906154159.0
007 t|
008 030124s1964 sp ||||1| spa d
100 1 _aBarrau, Paul.
_925862
245 1 0 _aCuando los obreros rezan /
_cPaul Barrau ; [traductor: José Mª Zaingui].
260 _aHospitalet :
_bNova Terra,
_c1964.
300 _a233 p. ;
_c18 cm.
490 1 _aColección presencia
700 1 _aZaingui, José María.
_9117856
830 0 _aColección presencia
_9181337
852 _aES-MaACL
_jC-26959
_bR.55400
999 _c30351
_d30351